Survey (Record no. 84012)

MARC details
000 -LEADER
fixed length control field 00831cad a22001935a 4500
001 - CONTROL NUMBER
control field L156438
008 - FIXED-LENGTH DATA ELEMENTS--GENERAL INFORMATION
fixed length control field 120522e2012 xxk 000 0 eng d
035 ## - SYSTEM CONTROL NUMBER
System control number (Sirsi) u156438
041 0# - LANGUAGE CODE
Language code of text/sound track or separate title eng
110 2# - MAIN ENTRY--CORPORATE NAME
Corporate name or jurisdiction name as entry element EuroProperty
9 (RLIN) 1216
245 00 - TITLE STATEMENT
Title Survey
Remainder of title France
260 ## - PUBLICATION, DISTRIBUTION, ETC.
Date of publication, distribution, etc. 2012
490 #0 - SERIES STATEMENT
Series statement EuroProperty
Volume/sequential designation 14 May 2012, 17-21(5)
520 ## - SUMMARY, ETC.
Summary, etc. Foreign investors are still attracted to high-street assets and other prime retail properties in France though these properties are difficult to find. Domestic buyers are becoming more active. A shortage of energy-efficient buildings is hitting Paris office take-up but vacancies remain low. Figures showing commercial real estate investment in France, and investment share by sector Q1 2012.
590 ## - LOCAL NOTE (RLIN)
Local note KA
651 #4 - SUBJECT ADDED ENTRY--GEOGRAPHIC NAME
Geographic name France
690 ## - LOCAL SUBJECT ADDED ENTRY--TOPICAL TERM (OCLC, RLIN)
Topical term or geographic name as entry element Commercial property
9 (RLIN) 6227
942 ## - ADDED ENTRY ELEMENTS (KOHA)
Suppress in OPAC 0
Holdings
Withdrawn status Lost status Source of classification or shelving scheme Damaged status Not for loan Home library Current library Shelving location Date acquired Total Checkouts Full call number Barcode Date last seen Copy number Price effective from Koha item type
    Dewey Decimal Classification     London London Journal article 22/05/2012   L156438 156438-3001 06/08/2019 1 06/08/2019 Journal article